Ancient Cities - Sudden Death - Statistics

General Stats
  • This quiz has been taken 116 times
  • The average score is 6 of 14
Answers on the Grid
Answers color-coded by a green-red scale on the quiz's grid according to % correct below.
Jericho
Byblos
Plovdiv
Atlantis
El Dorado
Argos
Babylon
Camelot
Carthage
Pataliputra
Sidon
Avalon
Kitezh
Shangri-La
Thule
Uruk
Susa
Erbil
Aztlan
Lyonesse
Faiyum
Abieta
Transoxiana
Benben
 
Answer Stats
Answer % Correct
Jericho
90%
Babylon
76%
Carthage
74%
Sidon
56%
Uruk
54%
Byblos
50%
Argos
43%
Plovdiv
40%
Susa
40%
Erbil
37%
Faiyum
28%
Pataliputra
25%
Transoxiana
15%
Abieta
1%
No matching quizzes found
Score Distribution
Percent of People with Each Score
Percentile by Number Answered
Your Score History
You have not taken this quiz